000 00690nam a2200217 i 4500
001 bg
100 1 _aKAROŃ, Krzysztof.
245 1 0 _aTechniki druku i komputer /
_cKrzysztof Karoń ; oprac. materiałów informacyjnych Rafał Brejer [et al.].
260 _aWarszawa :
_b"A.R. Karo",
_c2000.
300 _a495 s. :
_bfot. (w tym kolor.), rys. ;
_c30 cm.
650 9 _aDrukarstwo
_xautomatyzacja
650 9 _aGrafika komputerowa
_xzagadnienia
700 1 _aBREJER, Rafał.
_eOprac.
020 _a8387983012
040 _cBPK
041 0 _apl
080 _a655.1/.3:681.6:004.92:004.915:004.35
920 _a83-87983-01-2
942 _cKS
008 s pl f |000 0 pol
999 _c36721
_d36721
856 _uhttp://koha.tu.koszalin.pl/cgi-bin/koha/opac-detail.pl?biblionumber=36721
_yKatalog online BPK